Politics in Bengal, 1927-1936 / (Record no. 17545)
[ view plain ]
| 000 -LEADER | |
|---|---|
| fixed length control field | 01192cam a2200337 a 4500 |
| 001 - CONTROL NUMBER | |
| control field | 2434337 |
| 003 - CONTROL NUMBER IDENTIFIER | |
| control field | BDDh-ASL |
| 005 - DATE AND TIME OF LATEST TRANSACTION | |
| control field | 20231015025555.0 |
| 008 - FIXED-LENGTH DATA ELEMENTS--GENERAL INFORMATION | |
| fixed length control field | 17 s1987 bg abf b 001 0 ben | |
| 010 ## - LIBRARY OF CONGRESS CONTROL NUMBER | |
| LC control number | 87903961 |
| 020 ## - INTERNATIONAL STANDARD BOOK NUMBER | |
| Terms of availability | Tk200.00 |
| 025 ## - OVERSEAS ACQUISITION NUMBER | |
| Overseas acquisition number | B E 4907 |
| 035 ## - SYSTEM CONTROL NUMBER | |
| System control number | (DLC) 87903961 |
| 040 ## - CATALOGING SOURCE | |
| Original cataloging agency | DLC |
| Transcribing agency | BDDh-ASL |
| Modifying agency | BDDh-ASL |
| 043 ## - GEOGRAPHIC AREA CODE | |
| Geographic area code | a-ii--- |
| -- | a-bg--- |
| 050 00 - LIBRARY OF CONGRESS CALL NUMBER | |
| Classification number | DS485.B49 |
| Item number | K48 1987 |
| 082 00 - DEWEY DECIMAL CLASSIFICATION NUMBER | |
| Classification number | 320.5402 |
| Item number | KHP |
| 100 1# - MAIN ENTRY--PERSONAL NAME | |
| Personal name | Khan, Bazlur Rahman. |
| 9 (RLIN) | 240 |
| 245 10 - TITLE STATEMENT | |
| Title | Politics in Bengal, 1927-1936 / |
| Statement of responsibility, etc. | Bazlur Rahman Khan. |
| 260 ## - PUBLICATION, DISTRIBUTION, ETC. | |
| Place of publication, distribution, etc. | Dhaka : |
| Name of publisher, distributor, etc. | Asiatic Society of Bangladesh, |
| Date of publication, distribution, etc. | 1987. |
| 300 ## - PHYSICAL DESCRIPTION | |
| Extent | xvi, 250, ii p., [7] leaves of plates (some folded) : |
| Other physical details | ill., maps ; |
| Dimensions | 25 cm. |
| 440 ## - SERIES STATEMENT/ADDED ENTRY--TITLE | |
| Title | Asiatic Society of Bangladesh publication; |
| Volume/sequential designation | no. 52 |
| 9 (RLIN) | 241 |
| 500 ## - GENERAL NOTE | |
| General note | Revision of the author's thesis (Ph. D.--University of London) |
| 500 ## - GENERAL NOTE | |
| General note | Includes index. |
| 504 ## - BIBLIOGRAPHY, ETC. NOTE | |
| Bibliography, etc. note | Bibliography: p. 213-239. |
| 504 ## - BIBLIOGRAPHY, ETC. NOTE | |
| Bibliography, etc. note | Includes bibliographical references and index |
| 651 #0 - SUBJECT ADDED ENTRY--GEOGRAPHIC NAME | |
| Geographic name | Bengal (India) |
| General subdivision | Politics and government. |
| 9 (RLIN) | 235 |
| 906 ## - LOCAL DATA ELEMENT F, LDF (RLIN) | |
| a | 7 |
| b | cbc |
| c | orignew |
| d | 3 |
| e | ncip |
| f | 19 |
| g | y-gencatlg |
| 942 ## - ADDED ENTRY ELEMENTS (KOHA) | |
| Source of classification or shelving scheme | Dewey Decimal Classification |
| Koha item type | Books |
| Withdrawn status | Lost status | Source of classification or shelving scheme | Damaged status | Not for loan | Collection code | Home library | Current library | Shelving location | Date acquired | Source of acquisition | Serial Enumeration / chronology | Total Checkouts | Full call number | Barcode | Date last seen | Copy number | Price effective from | Koha item type | Public note |
|---|---|---|---|---|---|---|---|---|---|---|---|---|---|---|---|---|---|---|---|
| Dewey Decimal Classification | Non-fiction | Asiatic Society Library | Asiatic Society Library | ASB Publications | 01/05/2017 | ASB Publications | ASP-052 | 320.5402 KHP | 100273 | 01/05/2017 | C-1 | 01/05/2017 | Books | RARE | |||||
| Dewey Decimal Classification | Non-fiction | Asiatic Society Library | Asiatic Society Library | General Stacks | 01/05/2017 | ASB Publications | ASP-052 | 320.5402 KHP | 100274 | 01/05/2017 | C-2 | 01/05/2017 | Books | RARE | |||||
| Dewey Decimal Classification | Non-fiction | Asiatic Society Library | Asiatic Society Library | General Stacks | 01/05/2017 | ASB Publications | ASP-052 | 320.5402 KHP | 100275 | 01/05/2017 | C-3 | 01/05/2017 | Books | RARE | |||||
| Dewey Decimal Classification | Non-fiction | Asiatic Society Library | Asiatic Society Library | General Stacks | 01/05/2017 | ASB Publications | ASP-052 | 320.5402 KHP | 100276 | 01/05/2017 | C-4 | 01/05/2017 | Books | RARE | |||||
| Dewey Decimal Classification | Non-fiction | Asiatic Society Library | Asiatic Society Library | General Stacks | 01/05/2017 | ASB Publications | ASP-052 | 320.5402 KHP | 100277 | 01/05/2017 | C-5 | 01/05/2017 | Books | RARE | |||||
| Dewey Decimal Classification | Non-fiction | Asiatic Society Library | Asiatic Society Library | General Stacks | 01/24/2021 | ASB Publications | ASP-052 | 320.5402 KHP | 104822 | 01/24/2021 | C-6 | 01/24/2021 | Books | RARE | |||||
| Dewey Decimal Classification | Non-fiction | Asiatic Society Library | Asiatic Society Library | General Stacks | 01/24/2021 | ASB Publications | ASP-052 | 320.5402 KHP | 104823 | 01/24/2021 | C-7 | 01/24/2021 | Books | RARE | |||||
| Dewey Decimal Classification | Non-fiction | Asiatic Society Library | Asiatic Society Library | General Stacks | 01/24/2021 | ASB Publications | ASP-052 | 320.5402 KHP | 104824 | 01/24/2021 | C-8 | 01/24/2021 | Books | RARE | |||||
| Dewey Decimal Classification | Non-fiction | Asiatic Society Library | Asiatic Society Library | General Stacks | 01/24/2021 | ASB Publications | ASP-052 | 320.5402 KHP | 104825 | 01/24/2021 | C-9 | 01/24/2021 | Books | RARE | |||||
| Dewey Decimal Classification | Non-fiction | Asiatic Society Library | Asiatic Society Library | ASB Publications | 01/24/2021 | ASB Publications | ASP-052 | 320.5402 KHP | 104858 | 01/24/2021 | C-10 | 01/24/2021 | Books | RARE |